000
00283nam a22001337a 4500
008
170602b xxu||||| |||| 00| 0 eng d
020
_a
9780691028620
041
_a
eng
080
_a
94
100
_a
17
101
_a
SHH
245
_a
WOMEN OF THE PRAIA
_c
COLE,S
942
_2
udc
_c
BK
999
_c
15667
_d
15667